5HLuxD.jpg

KING HENRY VIII SENIOR AND PRIMARY SCHOOL LIBRARY OPAC

Malala Yousafzai / (Record no. 2760)

000 -LEADER
fixed length control field 01818cam a2200421 i 4500
001 - CONTROL NUMBER
control field 21221166
003 - CONTROL NUMBER IDENTIFIER
control field OSt
005 - DATE AND TIME OF LATEST TRANSACTION
control field 20230819143835.0
008 - FIXED-LENGTH DATA ELEMENTS--GENERAL INFORMATION
fixed length control field 190930s2019 enkab j 000 0 eng d
010 ## - LIBRARY OF CONGRESS CONTROL NUMBER
LC control number 2019302044
020 ## - INTERNATIONAL STANDARD BOOK NUMBER
International Standard Book Number 9780194633901
Qualifying information (pbk.)
035 ## - SYSTEM CONTROL NUMBER
System control number (OCoLC)on1088920724
040 ## - CATALOGING SOURCE
Original cataloging agency UKMGB
Language of cataloging eng
Transcribing agency UKMGB
Description conventions rda
Modifying agency OCLCO
-- OCLCF
-- UV1
-- NZAUC
-- OCL
-- CNWPU
-- OCLCO
-- OCLCQ
-- DLC
-- KH8
042 ## - AUTHENTICATION CODE
Authentication code lccopycat
082 04 - DEWEY DECIMAL CLASSIFICATION NUMBER
Classification number 954.910 BLA
Edition number 23
100 1# - MAIN ENTRY--PERSONAL NAME
Personal name Bladon, Rachel,
Relator term author.
245 10 - TITLE STATEMENT
Title Malala Yousafzai /
Statement of responsibility, etc. Rachel Bladon.
264 #1 - PRODUCTION, PUBLICATION, DISTRIBUTION, MANUFACTURE, AND COPYRIGHT NOTICE
Place of production, publication, distribution, manufacture Oxford :
Name of producer, publisher, distributor, manufacturer Oxford University Press,
Date of production, publication, distribution, manufacture, or copyright notice 2019.
300 ## - PHYSICAL DESCRIPTION
Extent 66 pages :
Other physical details color illustrations, color maps ;
Dimensions 22 cm.
336 ## - CONTENT TYPE
Content type term text
Content type code txt
Source rdacontent
337 ## - MEDIA TYPE
Media type term unmediated
Media type code n
Source rdamedia
338 ## - CARRIER TYPE
Carrier type term volume
Carrier type code nc
Source rdacarrier
490 0# - SERIES STATEMENT
Series statement Oxford bookworms library factfiles
500 ## - GENERAL NOTE
General note Level 3.
520 ## - SUMMARY, ETC.
Summary, etc. "Malala loved going to school. But in Pakistan, the Taliban became very important and they did not want girls to have an education. Malala was not afraid to speak out against the Taliban. In 2012, she was shot in the head and survived, and now more than ever she wants to fight for education forevery child. ..."--Publisher description.
600 10 - SUBJECT ADDED ENTRY--PERSONAL NAME
Personal name Yousafzai, Malala,
Dates associated with a name 1997-
Form subdivision Juvenile literature.
600 17 - SUBJECT ADDED ENTRY--PERSONAL NAME
Personal name Yousafzai, Malala,
Dates associated with a name 1997-
Source of heading or term fast
Authority record control number or standard number (OCoLC)fst01918454
650 #0 - SUBJECT ADDED ENTRY--TOPICAL TERM
Topical term or geographic name entry element Readers
General subdivision Malala Yousafzai.
650 #0 - SUBJECT ADDED ENTRY--TOPICAL TERM
Topical term or geographic name entry element Readers (Secondary)
650 #7 - SUBJECT ADDED ENTRY--TOPICAL TERM
Topical term or geographic name entry element Readers (Secondary)
Source of heading or term fast
Authority record control number or standard number (OCoLC)fst01090611
655 #0 - INDEX TERM--GENRE/FORM
Genre/form data or focus term Readers (Adult)
655 #7 - INDEX TERM--GENRE/FORM
Genre/form data or focus term Readers (Adult)
Source of term fast
Authority record control number or standard number (OCoLC)fst01726482
655 #7 - INDEX TERM--GENRE/FORM
Genre/form data or focus term Juvenile works.
Source of term fast
Authority record control number or standard number (OCoLC)fst01411637
655 #7 - INDEX TERM--GENRE/FORM
Genre/form data or focus term Biographies.
Source of term lcgft
906 ## - LOCAL DATA ELEMENT F, LDF (RLIN)
a 7
b cbc
c copycat
d 2
e ncip
f 20
g y-gencatlg
942 ## - ADDED ENTRY ELEMENTS (KOHA)
Source of classification or shelving scheme
Koha item type Teaching Resources
Holdings
Withdrawn status Lost status Source of classification or shelving scheme Damaged status Not for loan Collection code Permanent Location Current Location Shelving location Date acquired Total Checkouts Full call number Barcode Date due Date last seen Date last checked out Price effective from Koha item type
          Teaching Resources KH8 Senior School Library KH8 Senior School Library Staff Office 2023-08-19 1 954.910 BLA TRKHSL002142 2025-07-04 2024-11-08 2024-11-08 2023-08-19 Teaching Resources

Powered By KH8 IT Dept